006460000a22001930004500020001600000041000800016082002300024100003500047245006700082260005100149300001200200001000500212942000700217952012300224999001700347336002700364337003300391338002800424 a85151-163-50 aENG04aG 285.20924 R9759e1 aRutherford, Samuel (1600-1661)10aLetters of Samuel Ritherford : A selection / Samuel Rutherford aCarlisle, PA., USA : The Banner of Truth Trust a206 Pag8767 cBK 001040708GENaFUSBCbFUSBCd2005-01-17l0oG 285.20924 R9759e p10644r2019-12-12 00:00:00t1w2016-01-26yBKB0C3 c38887d38887 atextobtxt2rdacontent 2rdamediaasin mediaciónbn 2rdacarrieravolumenbnc